Participantes do Campeonato Brasileiro 2020 - Série B - Statistics

Estatísticas Gerais
  • Esse quiz foi jogado 75 vezes
  • A pontuação média é 19 de 20
Estatísticas das Respostas
Cidade/UF Equipe % Correto
Pelotas/RS Brasil
100%
Chapecó/SC Chapecoense
98%
Cuiabá/MT Cuiabá
98%
Belo Horizonte/MG América
96%
Maceió/AL CSA
96%
Florianópolis/SC Avaí
94%
Ribeirão Preto/SP Botafogo
94%
Belo Horizonte/MG Cruzeiro
94%
Campinas/SP Guarani
94%
Campinas/SP Ponte Preta
94%
Salvador/BA Vitória
94%
Florianópolis/SC Figueirense
92%
Caxias do Sul/RS Juventude
92%
Recife/PE Náutico
92%
Curitiba/PR Paraná
92%
São Luís/MA Sampaio Corrêa
92%
Maceió/AL CRB
90%
Ponta Grossa/PR Operário
87%
Aracaju/SE Confiança
85%
Barueri/SP Oeste
77%
Nenhum quiz correspondente encontrado
Distribuição das Pontuações
Porcentagem de Pessoas com Cada Pontuação
Percentil de Números Respondidos
Sua Pontuação Histórica
Você não jogou esse quiz